| 000 | 00000nam 2200000zi 4500 |
| 001 | 9.942063 |
| 003 | CaOODSP |
| 005 | 20250107130259 |
| 006 | m o d f |
| 007 | cr |n||||||||| |
| 008 | 240819t20242024onca o f000 0 fre d |
| 020 | |a9780660732350 |
| 040 | |aCaOODSP|bfre|erda|cCaOODSP |
| 043 | |an-cn--- |
| 086 | 1 |aH129-161/1-2024F-PDF |
| 245 | 00|aPiles boutons : |battention à ces dangers cachés chez vous! |
| 264 | 1|a[Ottawa] : |bSanté Canada = Health Canada, |c[2024] |
| 264 | 4|c©2024 |
| 300 | |a1 ressource en ligne (2 pages non numérotées) : |billustrations en couleur |
| 336 | |atexte|btxt|2rdacontent/fre |
| 337 | |ainformatique|bc|2rdamedia/fre |
| 338 | |aressource en ligne|bcr|2rdacarrier/fre |
| 500 | |aPublié aussi en anglais sous le titre : Button batteries: watch out for these hidden dangers in your home! |
| 500 | |a« Pub.: 240487. » |
| 650 | 6|aPiles électriques|zCanada|xSécurité|xMesures. |
| 650 | 6|aEnfants|xAccidents|zCanada|xPrévention. |
| 710 | 1 |aCanada. |bSanté Canada, |eorganisme de publication. |
| 775 | 08|tButton batteries : |w(CaOODSP)9.942061 |
| 776 | 0#|tPiles boutons : |w(CaOODSP)9.942064 |
| 856 | 40|qPDF|s993 Ko|uhttps://publications.gc.ca/collections/collection_2025/sc-hc/H129-161-1-2024-fra.pdf |
| 856 | 4 |qHTML|sS.O.|uhttps://www.canada.ca/fr/sante-canada/services/produits-menagers/securite-piles/ressources/brochure-piles-boutons.html |